Poznatky z hodnocení vybraných odborných tuzemských veletrhů a výstav

Vybrané problémové oblasti spojené s hodnotením odborných veľtrhov a výstav. Hodnotenie posledných ročníkov veľtrhu FOR ARCH.

Gespeichert in:
Bibliographische Detailangaben
1. Verfasser: Tůma, A.
Weitere Verfasser: Macků, T.
Format: Buchkapitel
Sprache:Tschechisch
Schlagworte:
Tags: Tag hinzufügen
Keine Tags, Fügen Sie das erste Tag hinzu!

MARC

LEADER 00000naa a2200000 4500
001 r021894
005 20230607095711.2
041 0 |a cze 
044 |a CZ 
245 1 0 |a Poznatky z hodnocení vybraných odborných tuzemských veletrhů a výstav  |c A. Tůma, T. Macků 
520 |a Vybrané problémové oblasti spojené s hodnotením odborných veľtrhov a výstav. Hodnotenie posledných ročníkov veľtrhu FOR ARCH. 
610 2 0 |a Česko 
610 2 0 |a výstavy 
610 2 0 |a veľtrhy 
610 2 0 |a marketing 
610 2 0 |a komunikácia 
610 2 0 |a FOR ARCH 
100 1 |a Tůma, A. 
700 1 |a Macků, T.